[Event "DEM U10 2025"]
[Site "Willingen GER"]
[Date "2025.06.14"]
[Round "9"]
[White "Schröder, Liam"]
[Black "Chanishvili, Noa"]
[Result "0-1"]
[Termination "normal"]
[Board "14"]
[WhiteElo "1537"]
[BlackElo "1552"]
[WhiteClock "00:44:44"]
[BlackClock "00:39:37"]
[PlyCount "80"]
[WhiteFideId "34651020"]
[BlackFideId "34698264"]
[EventCountry "GER"]
[EventRounds "9"]
[EventType "swiss"]
[EventDate "2025.06.07"]

1. e4 {[%clk 01:30:57]} {[%emt 00:00:03]} c6 {[%clk 01:30:42]} {[%emt
00:00:18]} 2. Nc3 {[%clk 01:30:48]} {[%emt 00:00:38]} d5 {[%clk 01:30:32]}
{[%emt 00:00:41]} 3. exd5 {[%clk 01:30:55]} {[%emt 00:00:24]} cxd5 {[%clk
01:29:58]} {[%emt 00:01:02]} 4. d4 {[%clk 01:30:03]} {[%emt 00:01:23]} Nf6
{[%clk 01:27:38]} {[%emt 00:02:51]} 5. Nf3 {[%clk 01:28:48]} {[%emt 00:01:44]}
a6 {[%clk 01:22:49]} {[%emt 00:05:19]} 6. Be2 {[%clk 01:28:18]} {[%emt
00:01:00]} Nc6 {[%clk 01:18:58]} {[%emt 00:04:20]} 7. O-O {[%clk 01:27:33]}
{[%emt 00:01:16]} Bf5 {[%clk 01:13:57]} {[%emt 00:05:30]} 8. a3 {[%clk
01:22:31]} {[%emt 00:05:34]} e6 {[%clk 01:09:43]} {[%emt 00:04:43]} 9. Bf4
{[%emt 00:01:15]} Bd6 {[%clk 01:04:46]} {[%emt 00:05:17]} 10. Bxd6 {[%clk
01:20:52]} {[%emt 00:01:34]} Qxd6 {[%clk 01:02:57]} {[%emt 00:02:19]} 11. Na4
{[%clk 01:18:47]} {[%emt 00:02:34]} Nd7 {[%clk 00:59:54]} {[%emt 00:03:33]} 12.
c4 {[%clk 01:14:10]} {[%emt 00:05:07]} dxc4 {[%clk 00:56:21]} {[%emt 00:04:02]}
13. Nc3 {[%clk 01:09:39]} {[%emt 00:05:01]} b5 {[%clk 00:53:28]} {[%emt
00:03:22]} 14. a4 {[%clk 01:06:57]} {[%emt 00:03:15]} Rb8 {[%clk 00:49:19]}
{[%emt 00:04:39]} 15. axb5 {[%clk 01:04:37]} {[%emt 00:02:49]} axb5 {[%clk
00:48:51]} {[%emt 00:00:59]} 16. d5 {[%clk 01:02:37]} {[%emt 00:02:29]} exd5
{[%clk 00:45:15]} {[%emt 00:04:06]} 17. Qxd5 {[%clk 01:01:55]} {[%emt
00:01:11]} Qxd5 {[%clk 00:44:48]} {[%emt 00:00:59]} 18. Nxd5 {[%clk 01:02:14]}
{[%emt 00:00:10]} O-O {[%clk 00:43:26]} {[%emt 00:01:52]} 19. Ne3 {[%clk
01:00:36]} {[%emt 00:02:07]} Bg6 {[%clk 00:41:38]} {[%emt 00:02:19]} 20. Rac1
{[%clk 00:54:03]} {[%emt 00:07:01]} Nce5 {[%clk 00:38:50]} {[%emt 00:03:21]}
21. Nh4 {[%clk 00:50:26]} {[%emt 00:04:05]} Bd3 {[%clk 00:37:45]} {[%emt
00:01:37]} 22. Bxd3 {[%clk 00:50:17]} {[%emt 00:00:39]} Nxd3 {[%clk 00:38:06]}
{[%emt 00:00:09]} 23. Rc2 {[%clk 00:49:04]} {[%emt 00:01:43]} N7c5 {[%clk
00:37:20]} {[%emt 00:01:17]} 24. Nf3 {[%clk 00:43:10]} {[%emt 00:06:19]} Nb3
{[%clk 00:35:18]} {[%emt 00:02:37]} 25. Nd2 {[%clk 00:42:14]} {[%emt 00:01:24]}
Nd4 {[%clk 00:35:14]} {[%emt 00:00:36]} 26. Nf3 {[%clk 00:40:41]} {[%emt
00:02:02]} Nxc2 {[%clk 00:35:28]} {[%emt 00:00:17]} 27. Nxc2 {[%clk 00:41:00]}
{[%emt 00:00:09]} Nxb2 {[%clk 00:35:37]} {[%emt 00:00:23]} 28. Ne5 {[%clk
00:41:04]} {[%emt 00:00:25]} Rfe8 {[%clk 00:35:54]} {[%emt 00:00:15]} 29. Rb1
{[%clk 00:41:09]} {[%emt 00:00:23]} Rxe5 {[%clk 00:36:10]} {[%emt 00:00:15]}
30. Rxb2 {[%clk 00:41:30]} {[%emt 00:00:08]} b4 {[%clk 00:36:24]} {[%emt
00:00:18]} 31. Ne3 {[%clk 00:41:50]} {[%emt 00:00:10]} c3 {[%clk 00:36:40]}
{[%emt 00:00:14]} 32. Rb3 {[%clk 00:42:06]} {[%emt 00:00:13]} Rxe3 {[%clk
00:36:58]} {[%emt 00:00:12]} 33. fxe3 {[%clk 00:42:24]} {[%emt 00:00:12]} c2
{[%clk 00:37:22]} {[%emt 00:00:06]} 34. Kf2 {[%clk 00:42:40]} {[%emt 00:00:14]}
c1=Q {[%clk 00:37:43]} {[%emt 00:00:08]} 35. Kf3 {[%clk 00:42:53]} {[%emt
00:00:19]} Qd1+ {[%clk 00:38:02]} {[%emt 00:00:11]} 36. Kg3 {[%clk 00:43:17]}
{[%emt 00:00:06]} Qxb3 {[%clk 00:38:20]} {[%emt 00:00:12]} 37. Kf3 {[%clk
00:43:37]} {[%emt 00:00:10]} Re8 {[%clk 00:38:41]} {[%emt 00:00:08]} 38. Kg4
{[%clk 00:44:01]} {[%emt 00:00:06]} Qxe3 {[%clk 00:39:00]} {[%emt 00:00:11]}
39. Kh4 {[%clk 00:44:23]} {[%emt 00:00:09]} Re4+ {[%clk 00:39:20]} {[%emt
00:00:11]} 40. Kh5 {[%clk 00:44:44]} {[%emt 00:00:07]} g6# {[%clk 00:39:37]}
{[%emt 00:00:14]} 0-1

[Event "DEM U10 2025"]
[Site "Willingen GER"]
[Date "2025.06.14"]
[Round "9"]
[White "Taube, Moritz"]
[Black "von Gehlen, Elian"]
[Result "1-0"]
[Termination "normal"]
[Board "15"]
[WhiteElo "1246"]
[BlackElo "1548"]
[WhiteClock "01:14:50"]
[BlackClock "01:17:16"]
[PlyCount "33"]
[WhiteFideId "34696830"]
[BlackFideId "34651560"]
[EventCountry "GER"]
[EventRounds "9"]
[EventType "swiss"]
[EventDate "2025.06.07"]

1. e4 {[%clk 01:30:58]} {[%emt 00:00:02]} c6 {[%clk 01:30:45]} {[%emt
00:00:15]} 2. d4 {[%clk 01:31:21]} {[%emt 00:00:08]} d5 {[%clk 01:30:48]}
{[%emt 00:00:26]} 3. f3 {[%clk 01:31:42]} {[%emt 00:00:10]} dxe4 {[%clk
01:30:21]} {[%emt 00:00:57]} 4. fxe4 {[%clk 01:32:00]} {[%emt 00:00:12]} e5
{[%clk 01:29:13]} {[%emt 00:01:37]} 5. Nf3 {[%clk 01:32:16]} {[%emt 00:00:14]}
Bg4 {[%clk 01:28:53]} {[%emt 00:00:50]} 6. Bc4 {[%clk 01:32:35]} {[%emt
00:00:12]} Nf6 {[%clk 01:27:43]} {[%emt 00:01:40]} 7. Bxf7+ {[%clk 01:32:23]}
{[%emt 00:00:42]} Ke7 {[%emt 00:02:32]} 8. Bb3 {[%clk 01:30:31]} {[%emt
00:00:35]} Bxf3 {[%clk 01:26:59]} {[%emt 00:01:00]} 9. Qxf3 {[%clk 01:29:31]}
{[%emt 00:01:28]} Qxd4 {[%clk 01:26:53]} {[%emt 00:00:37]} 10. Nc3 {[%clk
01:29:29]} {[%emt 00:00:32]} Nbd7 {[%clk 01:26:22]} {[%emt 00:01:00]} 11. Be3
{[%clk 01:28:33]} {[%emt 00:01:27]} Qb4 {[%clk 01:24:26]} {[%emt 00:02:25]} 12.
Bd2 {[%clk 01:25:05]} {[%emt 00:03:59]} Qb6 {[%clk 01:23:28]} {[%emt 00:01:26]}
13. O-O-O {[%clk 01:21:09]} {[%emt 00:04:27]} Re8 {[%clk 01:21:22]} {[%emt
00:02:36]} 14. Bg5 {[%clk 01:16:52]} {[%emt 00:04:46]} h6 {[%clk 01:19:49]}
{[%emt 00:02:04]} 15. Bxf6+ {[%clk 01:16:02]} {[%emt 00:01:18]} Nxf6 {[%clk
01:19:16]} {[%emt 00:01:03]} 16. Qf5 {[%clk 01:14:43]} {[%emt 00:00:46]} c5
{[%clk 01:17:16]} {[%emt 00:03:34]} 17. Qxe5+ {[%clk 01:14:50]} {[%emt
00:00:24]} 1-0

[Event "DEM U10 2025"]
[Site "Willingen GER"]
[Date "2025.06.14"]
[Round "9"]
[White "Brucker, Oscar"]
[Black "Bentele, Otto"]
[Result "1-0"]
[Termination "normal"]
[Board "16"]
[WhiteElo "1795"]
[BlackElo "1510"]
[WhiteClock "00:32:17"]
[BlackClock "01:00:36"]
[PlyCount "105"]
[WhiteFideId "533026432"]
[BlackFideId "34653643"]
[EventCountry "GER"]
[EventRounds "9"]
[EventType "swiss"]
[EventDate "2025.06.07"]

1. Nf3 {[%clk 01:30:40]} {[%emt 00:00:19]} d5 {[%clk 01:30:39]} {[%emt
00:00:22]} 2. g3 {[%clk 01:30:34]} {[%emt 00:00:35]} Nf6 {[%clk 01:30:28]}
{[%emt 00:00:42]} 3. Bg2 {[%clk 01:30:06]} {[%emt 00:00:56]} c6 {[%clk
01:29:59]} {[%emt 00:00:58]} 4. O-O {[%clk 01:27:48]} {[%emt 00:02:50]} Bf5
{[%clk 01:28:58]} {[%emt 00:01:30]} 5. d3 {[%clk 01:26:21]} {[%emt 00:01:58]}
e6 {[%clk 01:28:24]} {[%emt 00:01:04]} 6. Nbd2 {[%clk 01:24:39]} {[%emt
00:02:08]} Nbd7 {[%clk 01:28:17]} {[%emt 00:00:40]} 7. Re1 {[%clk 01:20:52]}
{[%emt 00:04:14]} g6 {[%clk 01:27:20]} {[%emt 00:01:30]} 8. h3 {[%clk
01:16:39]} {[%emt 00:04:38]} e5 {[%clk 01:27:08]} {[%emt 00:00:47]} 9. e4
{[%clk 01:15:58]} {[%emt 00:01:11]} dxe4 {[%clk 01:26:49]} {[%emt 00:00:49]}
10. dxe4 {[%clk 01:15:10]} {[%emt 00:01:18]} Be6 {[%clk 01:26:23]} {[%emt
00:00:56]} 11. b3 {[%clk 01:11:15]} {[%emt 00:04:26]} Bg7 {[%clk 01:25:30]}
{[%emt 00:01:23]} 12. Bb2 {[%clk 01:06:50]} {[%emt 00:04:56]} Qc7 {[%clk
01:24:22]} {[%emt 00:01:34]} 13. c4 {[%clk 01:05:06]} {[%emt 00:02:18]} O-O
{[%clk 01:23:08]} {[%emt 00:01:43]} 14. Nf1 {[%clk 01:03:46]} {[%emt 00:01:51]}
Rfd8 {[%clk 01:20:17]} {[%emt 00:03:20]} 15. Qc2 {[%clk 01:02:10]} {[%emt
00:02:07]} Kh8 {[%clk 01:18:22]} {[%emt 00:02:24]} 16. Rad1 {[%emt 00:01:07]}
Ng8 {[%clk 01:17:35]} {[%emt 00:01:14]} 17. N1h2 {[%clk 00:58:40]} {[%emt
00:03:13]} Ne7 {[%clk 01:17:25]} {[%emt 00:00:53]} 18. Ng5 {[%clk 00:53:58]}
{[%emt 00:04:53]} h6 {[%clk 01:16:53]} {[%emt 00:01:20]} 19. Nxe6 {[%clk
00:53:40]} {[%emt 00:00:50]} fxe6 {[%clk 01:17:06]} {[%emt 00:00:16]} 20. Ba3
{[%clk 00:52:05]} {[%emt 00:02:06]} c5 {[%clk 01:16:46]} {[%emt 00:00:50]} 21.
Rd3 {[%clk 00:46:44]} {[%emt 00:05:50]} Nf6 {[%clk 01:16:15]} {[%emt 00:01:03]}
22. Red1 {[%clk 00:45:33]} {[%emt 00:01:39]} b6 {[%clk 01:15:06]} {[%emt
00:01:40]} 23. Qd2 {[%clk 00:43:24]} {[%emt 00:02:40]} Nc6 {[%clk 01:14:24]}
{[%emt 00:01:12]} 24. Qc3 {[%clk 00:38:21]} {[%emt 00:05:33]} Rd4 {[%clk
01:12:09]} {[%emt 00:02:44]} 25. Nf3 {[%clk 00:37:20]} {[%emt 00:01:28]} Nxe4
{[%clk 01:10:42]} {[%emt 00:02:01]} 26. Qc2 {[%clk 00:35:28]} {[%emt 00:02:23]}
Qb7 {[%clk 01:03:08]} {[%emt 00:08:03]} 27. Nxd4 {[%clk 00:32:43]} {[%emt
00:03:15]} Nxd4 {[%clk 01:02:57]} {[%emt 00:00:42]} 28. Rxd4 {[%clk 00:31:26]}
{[%emt 00:01:46]} exd4 {[%clk 01:03:13]} {[%emt 00:00:15]} 29. Bxe4 {[%clk
00:31:42]} {[%emt 00:00:13]} Qc8 {[%clk 01:03:27]} {[%emt 00:00:17]} 30. Bxa8
{[%emt 00:00:23]} Qxa8 {[%clk 01:03:53]} {[%emt 00:00:03]} 31. Qxg6 {[%clk
00:32:03]} {[%emt 00:00:17]} Qf3 {[%clk 01:04:01]} {[%emt 00:00:23]} 32. Rf1
{[%clk 00:30:21]} {[%emt 00:02:11]} d3 {[%clk 01:03:47]} {[%emt 00:00:43]} 33.
Bc1 {[%clk 00:29:53]} {[%emt 00:00:59]} Qe2 {[%clk 01:03:25]} {[%emt 00:00:52]}
34. Bxh6 {[%clk 00:29:45]} {[%emt 00:00:38]} Bxh6 {[%clk 01:03:41]} {[%emt
00:00:13]} 35. Qxh6+ {[%clk 00:30:08]} {[%emt 00:00:07]} Kg8 {[%clk 01:04:02]}
{[%emt 00:00:08]} 36. Qe3 {[%clk 00:29:52]} {[%emt 00:00:47]} Qc2 {[%clk
01:04:03]} {[%emt 00:00:29]} 37. Qxe6+ {[%clk 00:29:43]} {[%emt 00:00:39]} Kg7
{[%clk 01:04:27]} {[%emt 00:00:07]} 38. Qe1 {[%clk 00:29:13]} {[%emt 00:01:00]}
d2 {[%clk 01:04:43]} {[%emt 00:00:12]} 39. Qd1 {[%clk 00:29:09]} {[%emt
00:00:34]} Qxa2 {[%clk 01:04:52]} {[%emt 00:00:22]} 40. Qa1+ {[%clk 00:29:27]}
{[%emt 00:00:12]} Qxa1 {[%clk 01:05:00]} {[%emt 00:00:22]} 41. Rxa1 {[%clk
00:29:54]} {[%emt 00:00:04]} Kf6 {[%clk 01:05:19]} {[%emt 00:00:11]} 42. Rd1
{[%clk 00:30:10]} {[%emt 00:00:14]} Ke5 {[%clk 01:05:34]} {[%emt 00:00:15]} 43.
Rxd2 {[%clk 00:30:04]} {[%emt 00:00:36]} Ke4 {[%clk 01:05:58]} {[%emt
00:00:06]} 44. h4 {[%clk 00:30:05]} {[%emt 00:00:29]} Kf5 {[%emt 00:04:11]} 45.
h5 {[%clk 00:30:23]} {[%emt 00:00:10]} Kg5 {[%clk 01:02:37]} {[%emt 00:00:12]}
46. g4 {[%clk 00:30:43]} {[%emt 00:00:10]} Kh6 {[%clk 01:02:55]} {[%emt
00:00:12]} 47. Rd6+ {[%emt 00:03:05]} Kh7 {[%clk 01:00:25]} {[%emt 00:00:32]}
48. g5 {[%clk 00:31:01]} {[%emt 00:00:06]} Kg7 {[%clk 01:00:34]} {[%emt
00:00:20]} 49. Rd7+ {[%clk 00:31:19]} {[%emt 00:00:12]} Kg8 {[%clk 01:00:56]}
{[%emt 00:00:07]} 50. h6 {[%clk 00:31:32]} {[%emt 00:00:17]} b5 {[%clk
01:01:21]} {[%emt 00:00:06]} 51. g6 {[%clk 00:31:46]} {[%emt 00:00:16]} Kf8
{[%clk 01:01:11]} {[%emt 00:00:40]} 52. h7 {[%clk 00:32:00]} {[%emt 00:00:16]}
Ke8 {[%clk 01:00:36]} {[%emt 00:01:04]} 53. Rxa7 {[%clk 00:32:17]} {[%emt
00:00:14]} 1-0

[Event "DEM U10 2025"]
[Site "Willingen GER"]
[Date "2025.06.14"]
[Round "9"]
[White "Gheng, Hannes Lucas"]
[Black "Möller, Julian"]
[Result "1-0"]
[Termination "normal"]
[Board "17"]
[WhiteElo "1483"]
[BlackElo "1161"]
[WhiteClock "00:38:42"]
[BlackClock "00:01:39"]
[PlyCount "93"]
[WhiteFideId "34606890"]
[BlackFideId "533022577"]
[EventCountry "GER"]
[EventRounds "9"]
[EventType "swiss"]
[EventDate "2025.06.07"]

1. e4 {[%clk 01:30:58]} {[%emt 00:00:02]} e5 {[%clk 01:30:49]} {[%emt
00:00:12]} 2. Nf3 {[%clk 01:31:22]} {[%emt 00:00:06]} Nc6 {[%clk 01:31:03]}
{[%emt 00:00:16]} 3. Bb5 {[%clk 01:31:45]} {[%emt 00:00:07]} Nf6 {[%clk
01:31:00]} {[%emt 00:00:31]} 4. d3 {[%clk 01:31:45]} {[%emt 00:00:32]} Bc5
{[%clk 01:30:10]} {[%emt 00:01:19]} 5. O-O {[%clk 01:32:04]} {[%emt 00:00:12]}
d6 {[%clk 01:29:04]} {[%emt 00:01:34]} 6. c3 {[%clk 01:31:51]} {[%emt
00:00:43]} O-O {[%clk 01:25:20]} {[%emt 00:04:15]} 7. Nbd2 {[%clk 01:31:19]}
{[%emt 00:01:03]} Ne7 {[%clk 01:21:59]} {[%emt 00:03:51]} 8. Re1 {[%clk
01:30:08]} {[%emt 00:01:40]} Ng6 {[%clk 01:19:18]} {[%emt 00:03:11]} 9. Nf1
{[%clk 01:29:33]} {[%emt 00:01:06]} c6 {[%clk 01:17:41]} {[%emt 00:02:06]} 10.
Ba4 {[%clk 01:29:54]} {[%emt 00:00:10]} Bd7 {[%clk 01:14:44]} {[%emt 00:03:21]}
11. b4 {[%clk 01:28:38]} {[%emt 00:01:51]} Bb6 {[%clk 01:14:31]} {[%emt
00:00:43]} 12. Bc2 {[%clk 01:25:37]} {[%emt 00:03:32]} Re8 {[%clk 01:08:04]}
{[%emt 00:06:55]} 13. d4 {[%clk 01:23:10]} {[%emt 00:03:01]} a5 {[%clk
01:00:08]} {[%emt 00:08:26]} 14. Bb2 {[%clk 01:21:06]} {[%emt 00:02:34]} Qc7
{[%clk 00:57:49]} {[%emt 00:02:40]} 15. a4 {[%clk 01:19:31]} {[%emt 00:02:14]}
h6 {[%clk 00:51:46]} {[%emt 00:06:31]} 16. Rc1 {[%clk 01:18:38]} {[%emt
00:01:25]} Ba7 {[%clk 00:43:02]} {[%emt 00:09:13]} 17. Ba3 {[%clk 01:10:06]}
{[%emt 00:09:03]} Bb8 {[%emt 00:03:33]} 18. d5 {[%clk 01:01:49]} {[%emt
00:08:46]} cxd5 {[%clk 00:36:36]} {[%emt 00:03:53]} 19. exd5 {[%emt 00:00:21]}
Qb6 {[%clk 00:30:29]} {[%emt 00:06:30]} 20. Ne3 {[%clk 00:57:20]} {[%emt
00:05:16]} Qa6 {[%clk 00:27:13]} {[%emt 00:03:38]} 21. b5 {[%clk 00:56:53]}
{[%emt 00:01:06]} Qb6 {[%clk 00:24:17]} {[%emt 00:03:17]} 22. Nc4 {[%clk
00:56:52]} {[%emt 00:00:39]} Qd8 {[%clk 00:23:09]} {[%emt 00:01:29]} 23. Nxd6
{[%clk 00:55:36]} {[%emt 00:01:54]} Bxd6 {[%clk 00:23:12]} {[%emt 00:00:28]}
24. Bxd6 {[%clk 00:55:57]} {[%emt 00:00:08]} Bg4 {[%clk 00:21:58]} {[%emt
00:01:43]} 25. Bxg6 {[%clk 00:55:23]} {[%emt 00:01:07]} Qxd6 {[%clk 00:20:34]}
{[%emt 00:01:53]} 26. Be4 {[%clk 00:55:44]} {[%emt 00:00:09]} Rac8 {[%clk
00:20:03]} {[%emt 00:01:00]} 27. h3 {[%clk 00:52:54]} {[%emt 00:03:21]} Bh5
{[%clk 00:19:20]} {[%emt 00:01:08]} 28. g4 {[%clk 00:52:09]} {[%emt 00:01:20]}
Bg6 {[%clk 00:17:57]} {[%emt 00:01:52]} 29. Bxg6 {[%clk 00:52:21]} {[%emt
00:00:20]} fxg6 {[%clk 00:18:13]} {[%emt 00:00:14]} 30. c4 {[%clk 00:52:40]}
{[%emt 00:00:11]} b6 {[%clk 00:16:40]} {[%emt 00:02:00]} 31. Qb3 {[%clk
00:46:57]} {[%emt 00:06:15]} e4 {[%clk 00:15:13]} {[%emt 00:01:57]} 32. Nh4
{[%clk 00:44:15]} {[%emt 00:03:13]} g5 {[%clk 00:14:16]} {[%emt 00:01:25]} 33.
Nf5 {[%clk 00:44:29]} {[%emt 00:00:17]} Qf8 {[%clk 00:10:36]} {[%emt 00:04:09]}
34. d6 {[%clk 00:42:33]} {[%emt 00:02:28]} Kh7 {[%clk 00:08:54]} {[%emt
00:02:10]} 35. Rcd1 {[%clk 00:40:50]} {[%emt 00:02:15]} Rcd8 {[%clk 00:04:52]}
{[%emt 00:04:28]} 36. Qe3 {[%clk 00:38:53]} {[%emt 00:02:30]} g6 {[%clk
00:03:21]} {[%emt 00:01:59]} 37. Ne7 {[%clk 00:39:13]} {[%emt 00:00:13]} Rb8
{[%clk 00:02:38]} {[%emt 00:01:12]} 38. Nc6 {[%emt 00:01:02]} Rb7 {[%clk
00:02:31]} {[%emt 00:00:32]} 39. c5 {[%emt 00:01:27]} bxc5 {[%clk 00:02:38]}
{[%emt 00:00:20]} 40. Nxa5 {[%clk 00:37:51]} {[%emt 00:00:32]} Ra7 {[%clk
00:02:20]} {[%emt 00:00:44]} 41. Nc6 {[%clk 00:38:08]} {[%emt 00:00:16]} Rxa4
{[%clk 00:02:22]} {[%emt 00:00:28]} 42. d7 {[%clk 00:38:12]} {[%emt 00:00:27]}
Nxd7 {[%clk 00:02:01]} {[%emt 00:00:50]} 43. Rxd7+ {[%clk 00:37:53]} {[%emt
00:00:08]} Kh8 {[%clk 00:02:29]} 44. Qc3+ {[%clk 00:38:02]} {[%emt 00:01:04]}
Kg8 {[%clk 00:02:18]} {[%emt 00:00:40]} 45. Qb3+ {[%clk 00:38:25]} {[%emt
00:00:08]} Kh8 {[%clk 00:02:40]} {[%emt 00:00:08]} 46. Qxa4 {[%clk 00:38:42]}
{[%emt 00:00:14]} Ra8 {[%clk 00:01:39]} {[%emt 00:01:31]} 47. Qxe4 {[%emt
00:01:44]} 1-0

[Event "DEM U10 2025"]
[Site "Willingen GER"]
[Date "2025.06.14"]
[Round "9"]
[White "Zentgraf, Raphael"]
[Black "Durst, Lorenz"]
[Result "0-1"]
[Termination "normal"]
[Board "18"]
[WhiteElo "1660"]
[BlackElo "1429"]
[WhiteClock "00:53:51"]
[BlackClock "01:16:20"]
[PlyCount "90"]
[WhiteFideId "34684166"]
[BlackFideId "533043493"]
[EventCountry "GER"]
[EventRounds "9"]
[EventType "swiss"]
[EventDate "2025.06.07"]

1. d4 {[%clk 01:30:00]} {[%emt 00:00:59]} Nf6 {[%clk 01:30:00]} {[%emt
00:01:00]} 2. Nf3 {[%clk 01:29:30]} {[%emt 00:01:00]} d5 {[%clk 01:30:00]}
{[%emt 00:00:29]} 3. c3 {[%clk 01:29:30]} {[%emt 00:00:32]} e6 {[%clk
01:30:00]} {[%emt 00:00:30]} 4. Bf4 {[%clk 01:29:39]} {[%emt 00:00:20]} c5
{[%clk 01:29:23]} {[%emt 00:01:07]} 5. e3 {[%clk 01:29:00]} {[%emt 00:01:10]}
Nc6 {[%clk 01:29:00]} {[%emt 00:00:53]} 6. Bd3 {[%clk 01:28:30]} {[%emt
00:01:00]} Be7 {[%clk 01:29:05]} {[%emt 00:00:25]} 7. Nbd2 {[%clk 01:27:28]}
{[%emt 00:01:32]} Nh5 {[%clk 01:23:17]} {[%emt 00:06:18]} 8. Bg3 {[%clk
01:26:14]} {[%emt 00:01:27]} cxd4 {[%clk 01:23:08]} {[%emt 00:00:56]} 9. exd4
{[%clk 01:25:24]} {[%emt 00:01:20]} O-O {[%clk 01:23:19]} {[%emt 00:00:17]} 10.
O-O {[%clk 01:24:44]} {[%emt 00:01:11]} Nxg3 {[%clk 01:23:23]} {[%emt
00:00:27]} 11. hxg3 {[%clk 01:21:14]} {[%emt 00:04:00]} h6 {[%clk 01:23:01]}
{[%emt 00:00:51]} 12. Re1 {[%clk 01:19:28]} {[%emt 00:02:16]} Qb6 {[%clk
01:21:23]} {[%emt 00:02:09]} 13. Qc2 {[%clk 01:18:44]} {[%emt 00:01:12]} Bd7
{[%clk 01:21:34]} {[%emt 00:00:20]} 14. Nb3 {[%clk 01:17:47]} {[%emt 00:01:28]}
Rac8 {[%clk 01:21:41]} {[%emt 00:00:22]} 15. Qd2 {[%clk 01:17:51]} {[%emt
00:00:26]} Na5 {[%clk 01:21:38]} {[%emt 00:00:34]} 16. Nxa5 {[%clk 01:15:59]}
{[%emt 00:02:21]} Qxa5 {[%clk 01:21:38]} {[%emt 00:00:30]} 17. Ne5 {[%clk
01:15:31]} {[%emt 00:00:58]} Rfd8 {[%clk 01:21:11]} {[%emt 00:00:57]} 18. Ng4
{[%clk 01:15:06]} {[%emt 00:00:55]} Bg5 {[%clk 01:20:48]} {[%emt 00:00:51]} 19.
f4 {[%clk 01:14:39]} {[%emt 00:00:59]} Be7 {[%clk 01:21:06]} {[%emt 00:00:09]}
20. Ne5 {[%clk 01:12:52]} {[%emt 00:01:39]} Be8 {[%clk 01:21:20]} {[%emt
00:00:57]} 21. Qf2 {[%clk 01:11:53]} {[%emt 00:01:29]} b5 {[%clk 01:21:13]}
{[%emt 00:00:37]} 22. f5 {[%clk 01:11:52]} {[%emt 00:00:31]} Bf6 {[%clk
01:15:55]} {[%emt 00:05:48]} 23. fxe6 {[%emt 00:00:44]} fxe6 {[%clk 01:16:04]}
{[%emt 00:00:18]} 24. Rf1 {[%clk 01:04:31]} {[%emt 00:07:38]} Bh5 {[%clk
01:14:25]} {[%emt 00:02:11]} 25. Rae1 {[%clk 00:58:56]} {[%emt 00:06:04]} Rf8
{[%clk 01:14:35]} {[%emt 00:00:18]} 26. Nd7 {[%clk 00:53:02]} {[%emt 00:06:26]}
Bxd4 {[%clk 01:13:31]} {[%emt 00:01:33]} 27. cxd4 {[%clk 00:51:26]} {[%emt
00:02:07]} Rxf2 {[%clk 01:13:50]} {[%emt 00:00:11]} 28. Rxf2 {[%clk 00:51:49]}
{[%emt 00:00:06]} Qxe1+ {[%clk 01:14:12]} {[%emt 00:00:08]} 29. Rf1 {[%clk
00:51:56]} {[%emt 00:00:22]} Qe3+ {[%clk 01:14:35]} {[%emt 00:00:07]} 30. Kh2
{[%clk 00:52:03]} {[%emt 00:00:15]} Qxd3 {[%clk 01:14:58]} {[%emt 00:00:16]}
31. Rf4 {[%clk 00:51:56]} {[%emt 00:00:26]} Qd2 {[%clk 01:14:59]} {[%emt
00:00:40]} 32. b3 {[%clk 00:51:47]} {[%emt 00:00:39]} Bf7 {[%clk 01:14:56]}
{[%emt 00:00:33]} 33. Ne5 {[%clk 00:51:37]} {[%emt 00:00:28]} Rc2 {[%clk
01:15:18]} {[%emt 00:00:21]} 34. Kh3 {[%clk 00:51:57]} {[%emt 00:00:04]} Qxg2+
{[%clk 01:15:28]} {[%emt 00:00:24]} 35. Kg4 {[%clk 00:51:14]} {[%emt 00:00:54]}
h5+ {[%clk 01:15:57]} 36. Kh4 {[%clk 00:51:11]} {[%emt 00:00:47]} g5+ {[%clk
01:16:00]} {[%emt 00:00:33]} 37. Kxg5 {[%clk 00:51:20]} {[%emt 00:00:09]} Qxg3+
{[%clk 01:16:29]} 38. Kf6 {[%clk 00:51:43]} {[%emt 00:00:17]} Qxf4+ {[%clk
01:16:23]} {[%emt 00:00:39]} 39. Ke7 {[%clk 00:51:57]} {[%emt 00:00:14]} Qh4+
{[%clk 01:16:32]} {[%emt 00:00:23]} 40. Kd7 {[%clk 00:52:20]} {[%emt 00:00:07]}
Qxd4 {[%clk 01:16:39]} {[%emt 00:00:23]} 41. Nc6 {[%clk 00:52:24]} {[%emt
00:00:16]} Be8+ {[%clk 01:16:28]} {[%emt 00:00:52]} 42. Kxe8 {[%clk 00:52:41]}
{[%emt 00:00:12]} Rxc6 {[%clk 01:16:51]} {[%emt 00:00:07]} 43. a4 {[%clk
00:53:07]} {[%emt 00:00:05]} Qg7 {[%clk 01:17:11]} {[%emt 00:00:09]} 44. Kd8
{[%clk 00:53:29]} {[%emt 00:00:08]} Rc7 {[%clk 01:17:27]} {[%emt 00:00:15]} 45.
axb5 {[%clk 00:53:51]} {[%emt 00:00:09]} Qd7# {[%clk 01:16:20]} {[%emt
00:01:35]} 0-1